| 000 | 00654nam a2200217Ia 4500 | ||
|---|---|---|---|
| 003 | GCL | ||
| 008 | 140319s9999 xx 000 0 ara d | ||
| 040 |
_aGCL / _cGCL |
||
| 082 | 0 | 4 |
_a229.45 _bخ ر |
| 100 | 1 | _aخليفة عبدالسميع خليفة | |
| 245 | 1 | 0 |
_aالرياضيات فى القرآن الكريم / _cخليفة عبدالسميع خليفة |
| 260 |
_a[S.N] : _bبرنت للطباعة ، _c1983 |
||
| 300 | _a184 ص | ||
| 490 | _a | ||
| 650 | 0 | 4 | _aالاسلام |
| 650 | 0 | 4 | _aسور وايات |
| 650 | 0 | 4 | _aالمباحث العامة |
| 650 | 0 | 4 | _aالقران والعلم |
| 650 | 0 | 4 | _aالقران |
| 942 |
_2ddc _cBK |
||
| 999 |
_c28150 _d28150 |
||